POLITICA ECONOMICA (Registro nro. 7234)
[ vista simple ]
| 000 -LEADER | |
|---|---|
| fixed length control field | 00456nam a2200181 a 4500 |
| 001 - CONTROL NUMBER | |
| control field | 7234 |
| 005 - DATE AND TIME OF LATEST TRANSACTION | |
| control field | 20180713191125.0 |
| 008 - FIXED-LENGTH DATA ELEMENTS--GENERAL INFORMATION | |
| fixed length control field | 140415s1989 mx 000 0 spa d |
| 020 ## - INTERNATIONAL STANDARD BOOK NUMBER | |
| International Standard Book Number | 9682315131 |
| 041 ## - LANGUAGE CODE | |
| Language code of text/sound track or separate title | spa |
| 082 ## - DEWEY DECIMAL CLASSIFICATION NUMBER | |
| Classification number | 332.46 |
| Item number | HER |
| 100 1# - MAIN ENTRY--PERSONAL NAME | |
| Personal name | HERSCHEL, FEDERICO J. |
| 245 10 - TITLE STATEMENT | |
| Title | POLITICA ECONOMICA |
| 250 ## - EDITION STATEMENT | |
| Edition statement | 8ed. |
| 260 ## - PUBLICATION, DISTRIBUTION, ETC. | |
| Place of publication, distribution, etc. | MEXICO : |
| Name of publisher, distributor, etc. | SIGLO VEINTIUNO EDITORES, |
| Date of publication, distribution, etc. | 1989 |
| 300 ## - PHYSICAL DESCRIPTION | |
| Extent | 146 |
| 650 14 - SUBJECT ADDED ENTRY--TOPICAL TERM | |
| Topical term or geographic name entry element | POLITICA ECONOMICA |
| Withdrawn status | Lost status | Source of classification or shelving scheme | Damaged status | Not for loan | Collection code | Home library | Current library | Shelving location | Date acquired | Source of acquisition | Inventory number | Total Checkouts | Full call number | Barcode | Date last seen | Date last checked out | Price effective from | Koha item type |
|---|---|---|---|---|---|---|---|---|---|---|---|---|---|---|---|---|---|---|
| Dewey Decimal Classification | General | Biblioteca Karol Wojtyla | Biblioteca Karol Wojtyla | Sala general | 03/12/2013 | Compra | 151000000000000000048972 | 1 | 332.46 HER | 20029 | 05/01/2026 | 09/09/2022 | 03/12/2013 | Libro | ||||
| Dewey Decimal Classification | General | Biblioteca Karol Wojtyla | Biblioteca Karol Wojtyla | Sala general | 03/12/2013 | Compra | 151000000000000000048973 | 332.46 HER | 20030 | 05/01/2026 | 03/12/2013 | Libro |